000 01277nam a2200253Ia 4500
003 Ost
005 20260507075150.0
008 260507s9999||||xx |||||||||||||| ||und||
020 _a88049999579
040 _cfsecg
041 _aara
082 _a330
100 _aالعارف، جواد سعد
_eمؤلف
245 0 _aالتخطيط و التنمية الزراعية /
_c جواد سعد العارف
260 _aعمان:
_bدار الراية,
_c2009
300 _a165 صفحة؛
_c24 سم
504 _aمراجع ص.163
520 _aالتنمية و التخطيط الاقتصادي ، أهمية الزراعة و خصائصها و انواعها و نظمها ، أساسيات التخطيط الزراعي مع التنبؤ و التوقع في هذا التخطيط ، أساليب التخطيط و انواع الخطط الزراعية ، إستراتيجية التنمية الزراعية و إقتصادياتها ، التنمية الزراعية و الامن الغذائي ، دور مصادر المياه في التنمية الزراعية
653 _aالتخطيط
653 _aالتخطيط الإقتصادي
653 _aالتخطيط الزراعي
653 _aالتنمية الزراعية
942 _cكتاب
999 _c43334
_d43334